• 首页
  • 本馆介绍
  • 公告通知
  • 最新文献
  • 馆藏检索
  • 电子资源
  • 读者导购
  • 参考咨询
  • 我的图书馆
  • 登录
  • 详细信息显示
  • 放入我的书架
  • 预约/预借图书
  • 作者相关作品
  • 分类相关作品
  • 丛书相关作品
  • 出版社相关作品

书目信息

  • 表格格式
  • 工作单格式
  • 卡片格式
题名:
赢利
    
 
作者: 摩根 著 ;扈喜林 译
分册:  
出版信息: 北京   北京科学技术出版社  2008
页数: 123页
开本: 24cm
丛书名:
单 册:
中图分类: F270-49
科图分类:
主题词: 企业管理--通俗读物 , 企业管理
电子资源:
ISBN: 978-7-5304-3454-3
000 00971nam0 2200265 45
001 1029947562
005 20100428145032.68
010    @a978-7-5304-3454-3@dCNY19.00
100    @a20100420e2008 em y0chiy0110 ea
101 1  @achi@ceng
102    @aCN@b110000
105    @ay z 000yy
106    @ar
200 1  @a赢利@AYing Li@e打造赢利的标准@EDa Zao Ying Li De Biao Zhun@f(美)马克·摩根(Mark W. Morgan)著@F( Mei ) Ma Ke· Mo Gen (Mark W. Morgan) Zhu@g扈喜林译
210    @a北京@c北京科学技术出版社@d2008
215    @a123页@d24cm
330    @a本书通过10个简单,明晰的步骤,告诉你怎样根据具体情况设计,调整和使用一整套评估指标,让它明确反映企业经营目标的完成情况。
517 1  @a打造赢利的标准@ADa Zao Ying Li De Biao Zhun
606 0  @a企业管理@j通俗读物
606 0  @a企业管理
690    @aF270-49@v4
701  1 @a摩根@AMo Gen@g(Morgan, Mark W.)@4著
702  0 @a扈喜林@AHu Xi Lin@4译
801  0 @aCN@bTANGWEI@c20100428
905    @b0594680-85@dF270-49@e877@f6
    
    赢利:打造赢利的标准/(美)马克·摩根(Mark W. Morgan)著/扈喜林译.-北京:北京科学技术出版社,2008
    123页;24cm
    
    
    ISBN 978-7-5304-3454-3:CNY19.00
    本书通过10个简单,明晰的步骤,告诉你怎样根据具体情况设计,调整和使用一整套评估指标,让它明确反映企业经营目标的完成情况。
●
相关链接 在E读中查询图书 在五车中查询图书 在当当中查询图书 在豆瓣中查询图书


正题名:赢利     索取号:F270-49/877         预约/预借

序号 登录号 条形码 馆藏地/架位号 状态 备注
1 0594680   205946805   第一样本阅览室/ [索取号:F270-49/877] 在馆    
2 0594681   205946814   第一借阅区/ [索取号:F270-49/877] 在馆    
3 0594682   205946823   第一借阅区/ [索取号:F270-49/877] 在馆    
4 0594683   205946832   第一借阅区/ [索取号:F270-49/877] 在馆    
5 0594684   205946841   第一借阅区/ [索取号:F270-49/877] 在馆    
6 0594685   205946850   第一借阅区/ [索取号:F270-49/877] 在馆    
唐山师范学院图书馆 欢迎您!
大连网信软件有限公司© 版权所有